Capitals - Select Africa Capitals on Map - Statistics

General Stats
  • This quiz has been taken 57 times
  • The average score is 35 of 57
Answers on the Map
Answers color-coded by a green-red scale on the quiz's map according to % correct below.
 
Answer Stats
Answer % Correct
Algiers
85%
Cairo
85%
Cape Town
85%
Djibouti
85%
Tunis
85%
Rabat
81%
Addis Ababa
78%
Dakar
78%
Tripoli
78%
Antananarivo
74%
Mogadishu
74%
Nairobi
74%
São Tomé
74%
Windhoek
74%
Bissau
70%
Freetown
70%
Khartoum
70%
Maputo
70%
Brazzaville
67%
Kigali
67%
Lusaka
67%
Monrovia
67%
Ouagadougou
67%
Abuja
63%
Accra
63%
Harare
63%
Juba
63%
Kampala
63%
Lilongwe
63%
Luanda
63%
Yamoussoukro
63%
Asmara
59%
Dodoma
59%
Bamako
56%
Kinshasa
56%
Nouakchott
56%
Port Louis
56%
Praia
56%
Banjul
52%
Bloemfontein
52%
Conakry
52%
Lomé
52%
N'Djamena
52%
Victoria
52%
Yaoundé
52%
Bangui
48%
Gaborone
48%
Malabo
48%
Niamey
48%
Libreville
44%
Mbabane
44%
Porto-Novo
44%
Pretoria
44%
Gitega
41%
Maseru
41%
Cotonou
37%
Moroni
37%
No matching quizzes found
Score Distribution
Percent of People with Each Score
Percentile by Number Answered
Your Score History
You have not taken this quiz